000 00921nam a2200241Ia 4500
003 GCL
008 140319s9999 xx 000 0 ara d
040 _aGCL /
_cGCL
082 0 4 _a341.69
_bم ح
100 1 _aمركز البحوث والدراسات الكويتية
245 1 0 _aالحشود العراقية على الحدود العراقية اكتوبر 1994 : دراسة توثيقية لردود الفعل العربية والعالمية /
_cمركز البحوث والدراسات الكويتية
300 _a238 ص
490 _a
650 0 4 _aالقانون الدولى
650 0 4 _aالامم المتحدة
650 0 4 _aالخليج العربى
650 0 4 _aحرب الخليج
650 0 4 _aالجرائم الدولية
650 0 4 _aالحدود الدولية
650 0 4 _aالاحتلال العراقى (1990 - 1991)
650 0 4 _aجرائم الحرب
942 _2ddc
_cBK
999 _c46671
_d46671